Statistics for Собаки

Click here to take the quiz!

General Stats

  • This quiz has been taken 6 times
  • The average score is 6 of 11

Answer Stats

ВопросОтвет% Correct
Как называется наука о собаках?Кинология
100%
Какой русский писатель является автором грустной истории о собачке Муму, которую утопил Герасим?Иван Тургенев
83%
Какая охотничья порода собак отличается короткими ногами и длинным телом?Такса
83%
В каком городе установлен памятник Белому Биму Чёрное ухо, собаке — главному герою повести Гавриила Николаевича Троепольского?В Воронеже
50%
Какая страна считается родиной чихуахуа?Мексика
50%
Сколько зубов у собаки?42
50%
Как звали пса — главного героя фильма «К-911. Собачья работа» с Джеймсом Белуши в роли хозяина-полицейского?Джерри Ли
33%
В каком советском фильме прозвучала песня о собаке со словами «Если меркнет свет в окошке, на душе скребутся кошки, кто сумеет вам помочь, кто прогонит кошек прочь...»?«Приключения Электроника»
33%
Какого цвета язык у чау-чау?Синий
33%
Собака какой породы снималась в одном из советских фильмов о приключениях Шерлока Холмса?Спаниель
33%
Какая порода у собаки из фильма «Хатико»?Сиба-Ину
33%

Score Distribution

Percentile by Number Answered

Percent of People with Each Score

Your Score History

You have not taken this quiz